| 000 | 00370nam a2200157Ia 4500 | ||
|---|---|---|---|
| 008 | 210210b1926 xxu||||| |||| 00| 0 eng d | ||
| 041 | _aeng | ||
| 082 | _a825/1180 | ||
| 100 | _aMELVILLE (Herman) | ||
| 245 | _aJohn Freeman | ||
| 260 |
_aLondon _bMacmillan & Co. Ltd. _c1926 |
||
| 650 | _aJohn | ||
| 650 | _aFreeman | ||
| 690 | _aEnglish Criticism | ||
| 906 | _a015494 | ||
| 999 |
_c134864 _d134864 |
||